Представление документа в формате MARC21

Поле Инд. ПП Название Значение
Тип записи a
Библиографический уровень m
001 Контрольный номер 6f0c785b-a4f6-434a-86c8-170cc53b5620
005 Дата корректировки 20230329092659.3
008 Кодируемые данные 050224
020 a ISBN 5-8291-0233-1
a ISBN 5-98426-001-8
040 a Служба первич. каталог. НБ ТвГУ
041 0_ a Код языка текста rus
080 a Индекс УДК 316.35:39(075.8)
a Индекс УДК 316.72(075.8)
084 a Индекс другой классификации/Индекс ББК С55я73-1
a Индекс другой классификации/Индекс ББК С523в676я73-1
a Индекс другой классификации/Индекс ББК С51(0)-21я73-1
a Индекс другой классификации/Индекс ББК Т501я73-1
090 a Полочн. индекс С55
x Авторский знак О-89
100 1_ a Автор Отюцкий Геннадий Павлович
245 10 a Заглавие История социальной (культурной) антропологии
b Продолж. заглавия учеб. пособие для вузов
c Ответственность Г. П. Отюцкий ; Моск. гос. социал. ун-т
260 0_ a Место издания Москва
b Издательство Академический проект
b Издательство Гаудеамус
c Дата издания 2003
300 a Объем 398, [1] с.
440 _0 a Серия Gaudeamus
504 a Библиография Библиогр.: с. 383-395 и в подстроч. примеч.
650 04 a Основная рубрика Социальная антропология
x Основная подрубрика Учебники для вузов
650 04 a Основная рубрика Антропология
x Основная подрубрика Социологические школы и направления
x Основная подрубрика Школы и направления
650 04 a Основная рубрика Социальная организация
x Основная подрубрика Культура
x Основная подрубрика Методы исследования
650 04 a Основная рубрика Этнология
x Основная подрубрика История
653 0_ a Ключевые слова Антропология
a Ключевые слова История этнологии
a Ключевые слова Культура
a Ключевые слова Методы исследования
a Ключевые слова Социальная антропология
a Ключевые слова Социальная культура
a Ключевые слова Социальная организация
a Ключевые слова Социальная структура общества
a Ключевые слова Социальные общности
a Ключевые слова Социологические школы
a Ключевые слова Школы и направления в антропологии
a Ключевые слова Этнология
852 41 i Расстановочный признак Проверка 2023
920 a Оператор Семен
930 a Новая/Ретро учебники
952 c Вид литературы К ру
954 a Дата поступления на обработку 20050606
e Дата перешифровки 20230329